Participación comunitaria en programas alimentarios: el programa de colaciones a niños y ancianos a través de ollas comunes evaluación de la experiencia 1990-1994

-д хадгалсан:
Номзүйн дэлгэрэнгүй
Үндсэн зохиолчид: Fernández, Margarita (autora), Munita, Fernando (Зохиогч), Crovetto, Mirta (Зохиогч), Medioli, Ana Maria (Зохиогч)
Формат: Ном
Хэл сонгох:испани
Хэвлэсэн: Santiago PET PROSAN 1994
Нөхцлүүд:
Шошгууд: Шошго нэмэх
Шошго байхгүй, Энэхүү баримтыг шошголох эхний хүн болох!

MARC

LEADER 00000nam a2200000 a 4500
001 UCY3213
003 CL-VaPUC
008 941219e19940000CL |||||||||||||||||spa|d
082 0 4 |a 363.886  |b FER  |2 21 
100 |a Fernández, Margarita  |e autora  |9 331468 
700 0 |a Munita, Fernando  |e author  |9 331469 
700 0 |a Crovetto, Mirta  |e author  |9 331470 
700 0 |a Medioli, Ana Maria  |e author  |9 331471 
245 1 0 |a Participación comunitaria en programas alimentarios: el programa de colaciones a niños y ancianos a través de ollas comunes evaluación de la experiencia 1990-1994 
300 |a 170 p 
942 |c BK 
945 |d 19941219 00:00:00  |a mfernand 
260 |a Santiago  |b PET PROSAN  |c 1994 
650 7 |a PROGRAMAS ALIMENTARIOS  |2 CL-VaPUC  |9 331472 
650 7 |a OLLAS COMUNES  |2 CL-VaPUC  |9 321447 
651 7 |a CHILE  |2 CL-VaPUC  |9 331473 
583 |a last modification  |c 19941219 00:00:00  |k Rodrigo Vera 
999 |c 231420  |d 231418 
952 |0 0  |1 0  |4 0  |6 363_886000000000000_FER_1994  |7 0  |8 A  |9 234655  |a BIBENE  |b BIBENE  |d 2019-11-15  |i 3043347  |o 363.886 FER 1994  |p 3043347  |r 2025-01-15  |w 2019-11-15  |y BK  |k ICO